01112nam a2200193Ia 4500001001000000003001000010008004100020040002500061041001300086100002100099245001200120250001100132260008900143300001200232500026400244501011400508520026400622650003200886L193-1796IT-CnALBA170116s9999||||xx |||||||||||||| ||und|| aIT-CnALBAcIT-CnALBA aITALIANO aFEUERBACH LUDWIG 0aOPERE.  a1a ed. a BARIbLATERZA GIUS. E FIGLI EDITORI c1965 [1° Ed.:1965 - Ed.Ling.Originale: 1965] a400 p.  aCURATORE CESA CLAUDIO. LETTERA A HEGEL. PENSIERI SU MORTE E IMMORTALITÀ. TEOLOGIA E SCIENZA. CRITICA DELLA FILOSOFIA HEGELIANA. FEUERBACH A RIEDEL. DA L'ESSENZA DEL CRISTIANESIMO. L'UNICO E SUA PROPRIETÀ. ESSENZA DELLA RELIGIONE. CURRICULUM VITAE. CRITICA aSocietà San Paolo EM - Piazza San Paolo, 14 - 12051 ALBA (CN) (non commercial uses only) ® Copyright 2017 aCURATORE CESA CLAUDIO. LETTERA A HEGEL. PENSIERI SU MORTE E IMMORTALITÀ. TEOLOGIA E SCIENZA. CRITICA DELLA FILOSOFIA HEGELIANA. FEUERBACH A RIEDEL. DA L'ESSENZA DEL CRISTIANESIMO. L'UNICO E SUA PROPRIETÀ. ESSENZA DELLA RELIGIONE. CURRICULUM VITAE. CRITICA aFILOSOFIA TEDESCO-AUSTRIACA